=LDR 00000nam 2200000 4500 =001 INLIS000000000047369 =005 20151023152657.0 =006 =007 =008 =035 ##$$0010-101500000000080 =082 ##$$a 320.9 =090 ##$$a 320.9 Noe p =100 ##$$a Noer, Deliar =245 ##$$a Pemikiran politik di negeri barat =260 ##$$a jakarta $b CV. Rajawali $c 1982 =300 ##$$a x, 190 hlm $c 22 cm =850 ##$$aNBPNMAT =990 ##$$a 0001/BPAP-NTB/2015